00407 2200157 4500001002100000008004100021035002000062245004200082100001700124260004600141300002200187020000600209084001400215082000800229990001200237INLIS000000000002846 IND  a0010-0925000193 aFocus On English IdiomscRobert Oeban aRobert Oeban aTangerangbKarisma Publishing Groupc2011 a128c(11 x 18 cm) a- a813 ROB f a813 a0755068